[Event "Wch Seniors 65 29th"]
[Site "Bucharest"]
[Date "2019.11.22"]
[Round "10"]
[White "Wahlbom, Magnus"]
[Black "Raikin, Leonid"]
[Result "1/2-1/2"]
[WhiteElo "2217"]
[BlackElo "2100"]
[PlyCount "58"]
[EventDate "2019.11.12"]
[EventType "swiss"]
[EventRounds "11"]
[EventCountry "ROU"]
[SourceTitle "CBM 193 Extra"]
[Source "ChessBase"]
[SourceDate "2020.01.31"]
[SourceVersion "1"]
[SourceVersionDate "2020.01.31"]
[SourceQuality "1"]

1. e4 c6 2. d4 d5 3. Nc3 dxe4 4. Nxe4 Bf5 5. Ng3 Bg6 6. Bc4 Nf6 7. N1e2 Nbd7 8. Nf4 e5 9. Nxg6 hxg6 10. Qe2 Be7 11. dxe5 Qa5+ 12. Bd2 Qxe5 13. Qxe5 Nxe5 14. Bb3 0-0 15. h3 Ned7 16. 0-0 Nc5 17. Be3 Nxb3 18. axb3 a6 19. Rfd1 Rfd8 20. c4 Rxd1+ 21. Rxd1 Rd8 22. Rxd8+ Bxd8 23. Kf1 Kf8 24. Ke2 Ke7 25. Kd3 Ke6 26. Ne2 Nd7 27. Nd4+ Kd6 28. b4 Bf6 29. b3 Nf8 1/2-1/2

[Event "Wch Seniors 65 29th"]
[Site "Bucharest"]
[Date "2019.11.18"]
[Round "6"]
[White "Karason, Askell Orn"]
[Black "Raikin, Leonid"]
[Result "1-0"]
[WhiteElo "2271"]
[BlackElo "2100"]
[PlyCount "81"]
[EventDate "2019.11.12"]
[EventType "swiss"]
[EventRounds "11"]
[EventCountry "ROU"]
[SourceTitle "CBM 193 Extra"]
[Source "ChessBase"]
[SourceDate "2020.01.31"]
[SourceVersion "1"]
[SourceVersionDate "2020.01.31"]
[SourceQuality "1"]

1. d4 d5 2. c4 e6 3. Nc3 Nf6 4. cxd5 exd5 5. Bg5 Be7 6. e3 c6 7. Qc2 0-0 8. Bd3 Nbd7 9. Nf3 Re8 10. h3 Nf8 11. Bf4 Bd6 12. Bxd6 Qxd6 13. 0-0-0 Be6 14. Kb1 Rac8 15. Rc1 a6 16. g4 c5 17. dxc5 Rxc5 18. Nd4 Rec8 19. f4 b5 20. Qg2 Ne4 21. Nxe4 dxe4 22. Rxc5 Qxc5 23. Bxe4 Qc4 24. Nxe6 Nxe6 25. Qc2 Qxc2+ 26. Bxc2 b4 27. Rd1 Rd8 28. Rxd8+ Nxd8 29. Bd3 a5 30. Kc2 Ne6 31. Kb3 Nc5+ 32. Kc4 Na4 33. Bc2 Nb6+ 34. Kc5 Nc8 35. Bf5 Ne7 36. Be4 Nc8 37. Bb7 Ne7 38. Kb5 f5 39. Kxa5 fxg4 40. hxg4 g6 41. Kxb4 1-0

[Event "Wch Seniors 65 26th"]
[Site "Marianske Lazne"]
[Date "2016.11.24"]
[Round "6"]
[White "Raikin, Leonid"]
[Black "Olesen, Poul Erik Norgaard"]
[Result "1-0"]
[WhiteElo "2180"]
[BlackElo "1998"]
[PlyCount "111"]
[EventDate "2016.11.19"]
[EventType "swiss"]
[EventRounds "11"]
[EventCountry "CZE"]
[SourceTitle "CBM 175 Extra"]
[Source "ChessBase"]
[SourceDate "2016.12.12"]
[SourceVersion "1"]
[SourceVersionDate "2016.12.12"]
[SourceQuality "1"]

1. d4 Nf6 2. c4 c5 3. d5 d6 4. Nc3 g6 5. h3 Bg7 6. Nf3 0-0 7. Bf4 Na6 8. e4 Nc7 9. Be2 a6 10. a4 b6 11. 0-0 Rb8 12. e5 Nfe8 13. Qd2 Bd7 14. Ne4 b5 15. axb5 axb5 16. exd6 exd6 17. Nxd6 bxc4 18. Nxc4 Bb5 19. Ra7 Bxc4 20. Bxc4 Rb4 21. b3 Nd6 22. Ne5 Ncb5 23. Nc6 Qf6 24. Bg5 Ne4 25. Bxf6 Nxd2 26. Bxb5 Rxb5 27. Bxg7 Kxg7 28. Rd1 Nxb3 29. d6 c4 30. Nd4 Nxd4 31. Rxd4 Rc5 32. Rc7 Rxc7 33. dxc7 Rc8 34. Rxc4 Kf8 35. Kh2 Ke7 36. Kg3 Kd7 37. Kf4 f6 38. g4 Kd6 39. h4 Ke6 40. Ke4 Kd6 41. g5 fxg5 42. hxg5 Re8+ 43. Kd4 Rc8 44. Rc1 Ke6 45. Rc6+ Kd7 46. Kd5 Ke7 47. Ke5 Kd7 48. Kd5 Ke7 49. Rc3 Kd7 50. Rc2 Rxc7 51. Rxc7+ Kxc7 52. Ke6 Kc6 53. Kf7 Kd5 54. Kg7 Ke5 55. Kxh7 Kf5 56. Kh6 1-0

[Event "Wch Seniors 65 26th"]
[Site "Marianske Lazne"]
[Date "2016.11.21"]
[Round "3"]
[White "Jorgensen, Arne Bjorn"]
[Black "Raikin, Leonid"]
[Result "1/2-1/2"]
[WhiteElo "1965"]
[BlackElo "2180"]
[PlyCount "137"]
[EventDate "2016.11.19"]
[EventType "swiss"]
[EventRounds "11"]
[EventCountry "CZE"]
[SourceTitle "CBM 175 Extra"]
[Source "ChessBase"]
[SourceDate "2016.12.12"]
[SourceVersion "1"]
[SourceVersionDate "2016.12.12"]
[SourceQuality "1"]

1. d4 d5 2. Nf3 Nf6 3. c4 c6 4. e3 Bf5 5. Bd3 Bxd3 6. Qxd3 e6 7. Nc3 Nbd7 8. 0-0 Bd6 9. b3 0-0 10. Bb2 Qe7 11. e4 dxe4 12. Nxe4 Ba3 13. Bc3 Bb4 14. Bb2 Ba3 15. Bc3 Nxe4 16. Qxe4 Nf6 17. Qe2 Bd6 18. h3 Rfd8 19. Rad1 a5 20. Rfe1 Bb4 21. Qc2 a4 22. Ne5 axb3 23. axb3 Bxc3 24. Qxc3 Ra2 25. Ra1 Rda8 26. Rxa2 Rxa2 27. Nd3 Ra8 28. b4 h6 29. Ne5 Qd6 30. Nf3 Ra4 31. b5 cxb5 32. cxb5 Ra8 33. Rc1 Rd8 34. Qb2 Nd5 35. Rc5 Ne7 36. Qc3 f6 37. Qc4 Rd7 38. Qc2 Nf5 39. d5 Ne7 40. dxe6 Qxe6 41. Rc7 Nd5 42. Rxd7 Qxd7 43. Qc4 Kf8 44. Qc5+ Kf7 45. Qc4 Qe6 46. Qc5 Ke8 47. Qc2 Kf7 48. Qc4 Ne7 49. Qc5 Qd5 50. Qb4 Nf5 51. Qb2 Nd6 52. Nd4 Kf8 53. Qb4 Kg8 54. Qb2 Kh8 55. Qb4 f5 56. Qb2 Qe5 57. Qb4 Kh7 58. Nf3 Qd5 59. Nd4 Kg6 60. Qb2 Qe5 61. Qb4 Kf6 62. Nf3 Qa1+ 63. Kh2 Ke6 64. Qb3+ Ke7 65. Qd5 Qf6 66. Qc5 Kf7 67. Ne5+ Kg8 68. Qd5+ Kh7 69. Nf3 1/2-1/2

[Event "Wch Seniors 65 26th"]
[Site "Marianske Lazne"]
[Date "2016.11.20"]
[Round "2"]
[White "Raikin, Leonid"]
[Black "Bobbia, Mario"]
[Result "1/2-1/2"]
[WhiteElo "2180"]
[BlackElo "1850"]
[PlyCount "78"]
[EventDate "2016.11.19"]
[EventType "swiss"]
[EventRounds "11"]
[EventCountry "CZE"]
[SourceTitle "CBM 175 Extra"]
[Source "ChessBase"]
[SourceDate "2016.12.12"]
[SourceVersion "1"]
[SourceVersionDate "2016.12.12"]
[SourceQuality "1"]

1. d4 Nf6 2. c4 g6 3. Nc3 Bg7 4. e4 d6 5. Be2 0-0 6. Bg5 h6 7. Be3 e5 8. dxe5 dxe5 9. Bc5 Qxd1+ 10. Rxd1 Re8 11. Nf3 Na6 12. Be3 Bg4 13. h3 Bxf3 14. Bxf3 Nb4 15. 0-0 Nc2 16. Bc5 b6 17. Rd2 bxc5 18. Rxc2 Red8 19. Nd5 Rd7 20. Bg4 Nxg4 21. hxg4 c6 22. Ne3 Rad8 23. Rcc1 Bf6 24. Rfd1 Rd4 25. Rxd4 exd4 26. Nd1 Bg5 27. Rc2 a5 28. g3 Re8 29. f3 f5 30. gxf5 gxf5 31. Nf2 fxe4 32. Nxe4 d3 33. Rg2 Be3+ 34. Kf1 Rd8 35. Ke1 Kg7 36. Kd1 Rb8 37. g4 Rf8 38. Nf2 Rd8 39. Ne4 Rf8 1/2-1/2

[Event "Riazan Region-ch FL"]
[Site "Riazan"]
[Date "2011.01.02"]
[Round "?"]
[White "Chernyshov, Pavel"]
[Black "Raikin, Leonid"]
[Result "1/2-1/2"]
[WhiteElo "2009"]
[BlackElo "2247"]
[PlyCount "101"]
[EventDate "2011.01.02"]
[EventType "swiss"]
[EventRounds "9"]
[EventCountry "RUS"]
[SourceTitle "EXT 2022"]
[Source "ChessBase"]
[SourceDate "2021.10.06"]
[SourceVersion "1"]
[SourceVersionDate "2021.10.06"]
[SourceQuality "1"]

1. e4 c6 2. d4 d5 3. exd5 cxd5 4. c4 Nf6 5. Nc3 e6 6. Nf3 Bb4 7. Bd3 0-0 8. 0-0 dxc4 9. Bxc4 Nc6 10. Bg5 Be7 11. Re1 Nb4 12. Qb3 Nc6 13. Rad1 Na5 14. Qa4 Nxc4 15. Qxc4 Bd7 16. d5 Rc8 17. Qb3 Qb6 18. Qxb6 axb6 19. dxe6 Bxe6 20. Nd4 Bb4 21. Bxf6 gxf6 22. Nxe6 fxe6 23. Rxe6 Bxc3 24. bxc3 Rxc3 25. Rxb6 Rf7 26. h3 Rc2 27. Rdb1 Rxa2 28. Rxb7 Kg7 29. g4 Rxb7 30. Rxb7+ Kg6 31. Rb5 Rc2 32. Kg2 Ra2 33. Rf5 Rb2 34. Kg3 Ra2 35. Rd5 Ra3+ 36. f3 Ra4 37. h4 Rb4 38. Rd3 h5 39. Re3 hxg4 40. fxg4 Ra4 41. Re6 Ra3+ 42. Kf4 Ra4+ 43. Re4 Ra5 44. h5+ Kh6 45. Re6 Ra4+ 46. Kf5 Kg7 47. Re7+ Kh6 48. Rf7 Ra5+ 49. Kxf6 Ra4 50. Kf5 Rf4+ 51. Kxf4 1/2-1/2

[Event "Riazan Region-ch"]
[Site "Riazan"]
[Date "2010.10.??"]
[Round "7"]
[White "Raikin, Leonid"]
[Black "Lepeshkin, Nikita"]
[Result "1/2-1/2"]
[WhiteElo "2273"]
[BlackElo "1788"]
[PlyCount "63"]
[EventDate "2010.10.16"]
[EventType "tourn"]
[EventRounds "13"]
[EventCountry "RUS"]
[SourceTitle "EXT 2013"]
[Source "ChessBase"]
[SourceDate "2012.11.22"]
[SourceVersion "1"]
[SourceVersionDate "2012.11.22"]
[SourceQuality "1"]

1. d4 Nf6 2. c4 g6 3. Nc3 d5 4. cxd5 Nxd5 5. e4 Nxc3 6. bxc3 Bg7 7. Bc4 c5 8. Be3 Nc6 9. Ne2 0-0 10. 0-0 Bg4 11. f3 Na5 12. Bd3 cxd4 13. cxd4 Be6 14. Qa4 Bd7 15. Qb4 b5 16. Rac1 Nc6 17. Qd2 a6 18. f4 Rc8 19. d5 Na5 20. Rxc8 Bxc8 21. Rc1 Bd7 22. Qc2 Qb8 23. Qc7 Nc4 24. Qxb8 Rxb8 25. Bxc4 bxc4 26. Rxc4 Bb5 27. Rc2 Bd3 28. Rd2 Bxe4 29. Ng3 Bb1 30. d6 exd6 31. Rxd6 Bxa2 32. Rxa6 1/2-1/2

[Event "Sterlitamak op"]
[Site "Sterlitamak"]
[Date "2010.06.30"]
[Round "7"]
[White "Somkin, Evgeni"]
[Black "Raikin, Leonid"]
[Result "1-0"]
[WhiteElo "2387"]
[BlackElo "2265"]
[PlyCount "69"]
[EventDate "2010.06.24"]
[EventType "swiss"]
[EventRounds "9"]
[EventCountry "RUS"]
[SourceTitle "CBM 137 Extra"]
[Source "ChessBase"]
[SourceDate "2010.09.01"]
[SourceVersion "1"]
[SourceVersionDate "2010.09.01"]
[SourceQuality "1"]

1. e4 c6 2. d4 d5 3. e5 Bf5 4. Nc3 a6 5. Be3 e6 6. g4 Bg6 7. Nge2 h6 8. Nf4 Bh7 9. Nh5 Bg6 10. Ng3 Ne7 11. f4 h5 12. f5 exf5 13. gxh5 Bh7 14. Qf3 Nd7 15. Bd3 g6 16. h4 Qb6 17. 0-0-0 0-0-0 18. hxg6 fxg6 19. h5 Bg7 20. Bg5 Rde8 21. hxg6 Bxg6 22. Rxh8 Bxh8 23. Bxe7 Rxe7 24. Bxf5 Bf7 25. Qg4 c5 26. Rh1 Qd8 27. e6 Bxd4 28. Nxd5 Kb8 29. Nxe7 Ne5 30. Qe2 Bxe6 31. Bxe6 Qxe7 32. c3 Qg5+ 33. Kb1 Be3 34. Ne4 Qf4 35. Bd5 1-0

[Event "Riazan-ch"]
[Site "Riazan"]
[Date "2010.04.??"]
[Round "?"]
[White "Kutjin, Daniil"]
[Black "Raikin, Leonid"]
[Result "0-1"]
[WhiteElo "1572"]
[BlackElo "2284"]
[PlyCount "76"]
[EventDate "2010.04.??"]
[EventType "swiss"]
[EventRounds "11"]
[EventCountry "RUS"]
[SourceTitle "EXT 2011"]
[Source "ChessBase"]
[SourceDate "2010.11.26"]
[SourceVersion "1"]
[SourceVersionDate "2010.11.26"]
[SourceQuality "1"]

1. e4 c6 2. d4 d5 3. f3 e6 4. Nc3 Bb4 5. Bf4 Nf6 6. Qd3 b6 7. 0-0-0 Ba6 8. Qe3 Bxf1 9. Rxf1 Nbd7 10. Nge2 0-0 11. e5 Ne8 12. Bg5 Be7 13. h4 Nc7 14. f4 f6 15. exf6 Bxf6 16. g4 Qe7 17. Ng3 c5 18. Bxf6 Qxf6 19. Nce2 Rae8 20. c3 Nb5 21. b3 cxd4 22. cxd4 Qg6 23. Kb2 Qxg4 24. Rfg1 Qg6 25. h5 Qh6 26. Rc1 e5 27. Qd3 Nxd4 28. Nxd4 exd4 29. Rc7 Qd6 30. Rxa7 Rxf4 31. Rg1 Rf2+ 32. Kb1 Qe6 33. Rc7 Rf7 34. Qxd4 Ree7 35. Rc8+ Nf8 36. Rd8 Rd7 37. Rb8 Rd6 38. Rc8 Qxc8 0-1

[Event "Riazan-ch"]
[Site "Riazan"]
[Date "2010.04.??"]
[Round "?"]
[White "Raikin, Leonid"]
[Black "Gorin, Alexandr"]
[Result "0-1"]
[WhiteElo "2284"]
[BlackElo "2189"]
[PlyCount "98"]
[EventDate "2010.04.??"]
[EventType "swiss"]
[EventRounds "11"]
[EventCountry "RUS"]
[SourceTitle "EXT 2011"]
[Source "ChessBase"]
[SourceDate "2010.11.26"]
[SourceVersion "1"]
[SourceVersionDate "2010.11.26"]
[SourceQuality "1"]

1. d4 Nf6 2. Nf3 c5 3. c4 e6 4. Nc3 Be7 5. d5 d6 6. e4 e5 7. g3 0-0 8. Bg2 Ne8 9. Be3 f5 10. Qd2 h6 11. 0-0 Nf6 12. Nh4 Nxe4 13. Nxe4 Bxh4 14. Nxd6 Qxd6 15. b4 Be7 16. Bxc5 Qd8 17. d6 Bf6 18. Bd5+ Kh8 19. d7 Nxd7 20. Bxf8 Nxf8 21. Rfd1 Ne6 22. Bxe6 Bxe6 23. Qxd8+ Rxd8 24. Rxd8+ Bxd8 25. Rc1 Kg8 26. c5 Kf7 27. b5 Ke7 28. a4 Bb3 29. a5 Kd7 30. Rb1 Bc4 31. Rb4 Bd3 32. Rb3 e4 33. b6 a6 34. c6+ Kxc6 35. Rc3+ Kb5 36. Rc7 Kxa5 37. Rxb7 Bxb6 38. Rxg7 Kb5 39. Rf7 e3 40. fxe3 Bxe3+ 41. Kg2 Be4+ 42. Kf1 a5 43. Ke2 Bg1 44. h3 a4 45. Rd7 a3 46. Rd2 Kb4 47. g4 f4 48. h4 f3+ 49. Kf1 Be3 0-1

[Event "Riazan-ch"]
[Site "Riazan"]
[Date "2010.04.??"]
[Round "?"]
[White "Raikin, Leonid"]
[Black "Lukyjanov, Vladimir"]
[Result "0-1"]
[WhiteElo "2284"]
[BlackElo "2154"]
[PlyCount "110"]
[EventDate "2010.04.??"]
[EventType "swiss"]
[EventRounds "11"]
[EventCountry "RUS"]
[SourceTitle "EXT 2011"]
[Source "ChessBase"]
[SourceDate "2010.11.26"]
[SourceVersion "1"]
[SourceVersionDate "2010.11.26"]
[SourceQuality "1"]

1. d4 Nf6 2. c4 e6 3. Nf3 Bb4+ 4. Bd2 a5 5. g3 d5 6. Bg2 dxc4 7. 0-0 Nc6 8. Bg5 h6 9. Bxf6 Qxf6 10. e4 e5 11. a3 Bd6 12. d5 Ne7 13. Qa4+ Bd7 14. Qxc4 b5 15. Qe2 0-0 16. Nbd2 Rfb8 17. Rfc1 a4 18. Ne1 g5 19. Nd3 Ng6 20. Nc5 Bc8 21. Nf3 Kg7 22. Ne1 Nf8 23. Ned3 Nd7 24. Nxd7 Bxd7 25. Nc5 Bc8 26. Bf3 Qe7 27. Qe3 b4 28. Rc4 bxa3 29. bxa3 Ra5 30. Rac1 Ba6 31. Nxa6 Rxa6 32. Bd1 Bxa3 33. Ra1 Bd6 34. Bxa4 Rba8 35. Qc3 Qd8 36. Qc2 Qb8 37. Rb1 Rb6 38. Rxb6 Qxb6 39. Kg2 Ra5 40. Qe2 Rc5 41. Qh5 Be7 42. Be8 Qg6 43. Qe2 Rxc4 44. Qxc4 Bd6 45. Bd7 Qf6 46. Bf5 Qe7 47. Qe2 Qf6 48. Qg4 Kf8 49. h3 Be7 50. Qe2 Bd6 51. Qb2 Kg7 52. Kf1 Bc5 53. Qb5 Qb6 54. Qe8 Qb2 55. Ke1 Bxf2+ 0-1

[Event "Riazan Region-ch"]
[Site "Riazan"]
[Date "2009.10.??"]
[Round "?"]
[White "Morozov, Vladislav"]
[Black "Raikin, Leonid"]
[Result "0-1"]
[WhiteElo "2114"]
[BlackElo "2271"]
[PlyCount "86"]
[EventDate "2009.10.??"]
[EventType "tourn"]
[EventRounds "13"]
[EventCountry "RUS"]
[SourceTitle "EXT 2012"]
[Source "ChessBase"]
[SourceDate "2011.11.24"]
[SourceVersion "1"]
[SourceVersionDate "2011.11.24"]
[SourceQuality "1"]

1. Nf3 d5 2. d4 Nf6 3. c4 c6 4. Nc3 e6 5. Bg5 dxc4 6. e4 b5 7. e5 h6 8. Bh4 g5 9. Nxg5 hxg5 10. Bxg5 Nbd7 11. exf6 Bb7 12. g3 c5 13. d5 Nxf6 14. Bg2 Bh6 15. Bh4 Bg7 16. 0-0 Rxh4 17. gxh4 b4 18. Ne4 Nxe4 19. Bxe4 Qxh4 20. f4 0-0-0 21. Qe2 exd5 22. Bf5+ Kb8 23. Rae1 Rg8 24. Kh1 Bd4 25. Rf3 Qf6 26. Rg3 Rd8 27. Bg4 Bxb2 28. Bf3 Bc3 29. Reg1 Qe6 30. Qg2 Bd4 31. Rf1 c3 32. Rg8 Rxg8 33. Qxg8+ Kc7 34. f5 Qe7 35. Qg2 Kb6 36. Bxd5 Bxd5 37. Qxd5 Qb7 38. Qxb7+ Kxb7 39. Kg2 c4 40. Kf3 c2 41. Ke2 b3 42. axb3 cxb3 43. Kd3 Be3 0-1

[Event "Riazan Region-ch"]
[Site "Riazan"]
[Date "2009.10.??"]
[Round "?"]
[White "Raikin, Leonid"]
[Black "Madorsky, Felix"]
[Result "1-0"]
[WhiteElo "2271"]
[BlackElo "2100"]
[PlyCount "59"]
[EventDate "2009.10.??"]
[EventType "tourn"]
[EventRounds "13"]
[EventCountry "RUS"]
[SourceTitle "EXT 2012"]
[Source "ChessBase"]
[SourceDate "2011.11.24"]
[SourceVersion "1"]
[SourceVersionDate "2011.11.24"]
[SourceQuality "1"]

1. d4 Nf6 2. c4 g6 3. Nc3 Bg7 4. e4 d6 5. Be2 0-0 6. Bg5 c5 7. d5 h6 8. Bh4 e5 9. Qd2 Na6 10. Nf3 Nc7 11. h3 Qe8 12. Bxf6 Bxf6 13. Qxh6 Bg7 14. Qh4 f6 15. g4 Kf7 16. Qg3 Rh8 17. h4 Qd7 18. 0-0-0 a6 19. Rdg1 b5 20. g5 f5 21. h5 Bb7 22. hxg6+ Ke7 23. Nh4 f4 24. Qg2 Rhg8 25. Bg4 Qd8 26. Nf5+ Kf8 27. Nxg7 Rxg7 28. Rh8+ Rg8 29. Qh3 Qe7 30. Qh6+ 1-0

[Event "Riazan Region-ch"]
[Site "Riazan"]
[Date "2009.10.??"]
[Round "?"]
[White "Raikin, Leonid"]
[Black "Vasiliev, Vladimir P"]
[Result "1/2-1/2"]
[WhiteElo "2271"]
[BlackElo "2358"]
[PlyCount "21"]
[EventDate "2009.10.??"]
[EventType "tourn"]
[EventRounds "13"]
[EventCountry "RUS"]
[SourceTitle "EXT 2012"]
[Source "ChessBase"]
[SourceDate "2011.11.24"]
[SourceVersion "1"]
[SourceVersionDate "2011.11.24"]
[SourceQuality "1"]

1. d4 Nf6 2. c4 d6 3. Nf3 g6 4. Nc3 Bg7 5. e4 0-0 6. Be2 Nc6 7. 0-0 Bg4 8. h3 Bxf3 9. Bxf3 e5 10. Ne2 Re8 11. d5 1/2-1/2

[Event "Riazan Region-ch 1League"]
[Site "Riazan"]
[Date "2009.05.??"]
[Round "?"]
[White "Laevsky, Evgeniy"]
[Black "Raikin, Leonid"]
[Result "1/2-1/2"]
[WhiteElo "2118"]
[BlackElo "2271"]
[PlyCount "39"]
[EventDate "2009.05.??"]
[EventType "swiss"]
[EventRounds "11"]
[EventCountry "RUS"]
[SourceTitle "EXT 2012"]
[Source "ChessBase"]
[SourceDate "2011.11.24"]
[SourceVersion "1"]
[SourceVersionDate "2011.11.24"]
[SourceQuality "1"]

1. e4 c6 2. d4 d5 3. Nd2 dxe4 4. Nxe4 Bf5 5. Ng3 Bg6 6. Nf3 Nd7 7. h4 h6 8. h5 Bh7 9. Bd3 Bxd3 10. Qxd3 e6 11. Bf4 Qa5+ 12. Bd2 Qc7 13. Ne4 Ngf6 14. g3 Nxe4 15. Qxe4 Bd6 16. 0-0-0 0-0-0 17. Kb1 c5 18. dxc5 Nxc5 19. Qe2 Na4 20. Rh4 1/2-1/2

[Event "Riazan Region-ch 1League"]
[Site "Riazan"]
[Date "2009.05.??"]
[Round "?"]
[White "Raikin, Leonid"]
[Black "Vasiliev, Vladimir V"]
[Result "1-0"]
[WhiteElo "2271"]
[BlackElo "2195"]
[PlyCount "110"]
[EventDate "2009.05.??"]
[EventType "swiss"]
[EventRounds "11"]
[EventCountry "RUS"]
[SourceTitle "EXT 2012"]
[Source "ChessBase"]
[SourceDate "2011.11.24"]
[SourceVersion "1"]
[SourceVersionDate "2011.11.24"]
[SourceQuality "1"]

1. d4 Nf6 2. c4 e6 3. Nf3 b6 4. g3 Bb7 5. Bg2 Be7 6. 0-0 0-0 7. Nc3 Ne4 8. Qc2 Nxc3 9. Qxc3 c5 10. b3 Bf6 11. Bb2 cxd4 12. Qd3 Qc7 13. Nxd4 Bxg2 14. Kxg2 d5 15. Nb5 Qb7 16. Bxf6 gxf6 17. Qf3 Nd7 18. Rfd1 Ne5 19. Qxf6 dxc4+ 20. f3 Ng6 21. Nd6 Qe7 22. Qxe7 Nxe7 23. Nxc4 Rfd8 24. Kf2 Nd5 25. Rac1 Kg7 26. Rd2 Rac8 27. Rcd1 b5 28. Ne3 Nxe3 29. Kxe3 Rxd2 30. Rxd2 Rc7 31. Rd6 Kf6 32. Ra6 Ke7 33. Ra5 Rb7 34. Kd4 Kd6 35. Ra6+ Kc7 36. Kc5 Kb8 37. Kd6 Kc8 38. e4 Rd7+ 39. Kc6 b4 40. Ra5 Rc7+ 41. Kd6 Rd7+ 42. Ke5 Rd2 43. Rxa7 Rxh2 44. Rxf7 Rxa2 45. Kxe6 Rb2 46. Kd5 Rxb3 47. Kc4 Rb1 48. Rxh7 b3 49. Rf7 Kd8 50. g4 Ke8 51. Rf5 Ke7 52. g5 Ke6 53. g6 b2 54. Kc3 Rg1 55. Kxb2 Rxg6 1-0

[Event "Riazan-ch"]
[Site "Riazan"]
[Date "2009.03.??"]
[Round "?"]
[White "Madorsky, Felix"]
[Black "Raikin, Leonid"]
[Result "1/2-1/2"]
[WhiteElo "2096"]
[BlackElo "2272"]
[PlyCount "133"]
[EventDate "2009.03.??"]
[EventType "swiss"]
[EventRounds "13"]
[EventCountry "RUS"]
[SourceTitle "EXT 2010"]
[Source "ChessBase"]
[SourceDate "2010.11.25"]
[SourceVersion "1"]
[SourceVersionDate "2010.11.25"]
[SourceQuality "1"]

1. d4 d5 2. c4 c6 3. Nc3 Nf6 4. Nf3 e6 5. e3 Nbd7 6. Bd3 dxc4 7. Bxc4 b5 8. Bd3 a6 9. e4 c5 10. e5 cxd4 11. Nxb5 axb5 12. exf6 Qb6 13. fxg7 Bxg7 14. Qe2 Ba6 15. b4 0-0 16. 0-0 Qd6 17. Rb1 f5 18. Re1 e5 19. Bxb5 d3 20. Qb2 Bxb5 21. Qb3+ Kh8 22. Ng5 Qg6 23. Qd5 Bc6 24. Qxd3 h6 25. b5 e4 26. Qd2 Bxb5 27. Rxb5 Ne5 28. Rxe5 Bxe5 29. Bb2 Bxb2 30. Qxb2+ Qf6 31. Qxf6+ Rxf6 32. Nh3 Rxa2 33. Nf4 Rb6 34. h3 Rbb2 35. Rf1 Kg7 36. g3 Kf6 37. h4 Ke5 38. Ng2 Rb3 39. Rc1 Rf3 40. Rf1 Rfa3 41. Ne3 Rxe3 42. fxe3 Re2 43. Ra1 Rxe3 44. Ra5+ Kd4 45. Rxf5 Rxg3+ 46. Kf2 Rh3 47. h5 Rh2+ 48. Kg3 Rh1 49. Kg2 Ra1 50. Rf6 e3 51. Re6 Kd3 52. Rd6+ Ke4 53. Re6+ Kf4 54. Rf6+ Kg5 55. Re6 Kf4 56. Re8 Ra2+ 57. Kf1 Rh2 58. Rf8+ Ke4 59. Re8+ Kd3 60. Rd8+ Ke4 61. Re8+ Kf3 62. Rf8+ Kg4 63. Re8 e2+ 64. Rxe2 Rxe2 65. Kxe2 Kxh5 66. Kf2 Kg4 67. Kg2 1/2-1/2